Ekonomika a plánování rozvoje měst

Saved in:
Bibliographic Details
Main Author: Milota, Josef
Corporate Author: Vysoká škola ekonomická v Praze. Národohospodářská fakulta
Format: Book
Language:Czech
Published: Praha Státní pedagogické nakladatelství 1982
Edition:3. přeprac. vyd.
Tags: Add Tag
No Tags, Be the first to tag this record!

MARC

LEADER 00000nam a2200000 4500
001 c133954
005 20190425093351.1
041 0 |a cze 
044 |a CZ 
245 1 0 |a Ekonomika a plánování rozvoje měst  |c Josef Milota 
250 |a 3. přeprac. vyd. 
264 1 |a Praha  |b Státní pedagogické nakladatelství  |c 1982 
300 |a 130 s. 
100 1 |a Milota, Josef 
710 2 |a Vysoká škola ekonomická v Praze. Národohospodářská fakulta